Actitudes del profesorado hacia la coeducación: claves para una educación inclusiva (Record no. 176496)
[ view plain ]
| 000 -CABECERA | |
|---|---|
| campo de control de longitud fija | 01732nab a2200289 a 4500 |
| 005 - FECHA Y HORA DE LA ÚLTIMA TRANSACCIÓN | |
| campo de control | 20210219162445.0 |
| 008 - ELEMENTOS DE LONGITUD FIJA--INFORMACIÓN GENERAL | |
| campo de control de longitud fija | 991125s1985 mx 000 0 spa u |
| 035 ## - NÚMERO DE CONTROL DEL SISTEMA | |
| Número de control de sistema | UPN01000204395 |
| 049 ## - COLECCIÓN | |
| Colección | ART-E |
| 100 1# - ASIENTO PRINCIPAL--NOMBRE PERSONAL | |
| Nombre de persona | Azorín Abellán, Cecilia María |
| 222 #0 - TÍTULO CLAVE | |
| Título clave | ENSAYOS : |
| Información calificativa | REVISTA DE LA FACULTAD DE EDUCACION DE ALBACETE |
| 245 00 - MENCIÓN DE TÍTULO | |
| Título | Actitudes del profesorado hacia la coeducación: claves para una educación inclusiva |
| 260 ## - PUBLICACIÓN, DISTRIBUCIÓN, ETC. | |
| Lugar de publicación, distribución, etc. | España |
| 300 ## - DESCRIPCIÓN FÍSICA | |
| Extensión | 159-174 |
| 362 0# - FECHAS DE PUBLICACIÓN Y/O DESIGNACIÓN SECUENCIAL | |
| Fecha de publicación y/o designación secuencial | 2014 Vol. 29, no. 2 |
| 336 ## - TIPO DE CONTENIDO | |
| Término de tipo de contenido | texto$2rdacontent |
| 337 ## - TIPO DE MEDIO | |
| Nombre/término del tipo de medio | computadora$2rdamedia |
| 338 ## - TIPO DE SOPORTE | |
| Nombre/término del tipo de soporte | recurso en linea$2rdacarrier |
| 520 3# - NOTA DE RESUMEN, ETC. | |
| Sumario, etc. | El propósito de este trabajo es conocer las actitudes del profesorado hacia la coeducación desde la perspectiva sociocultural, personal y relacional del ser humano. Para ello, se ha llevado a cabo un estudio de casos en el que han participado 115 profesores/as de tres Centros de Educación Infantil y Primaria y un Centro de Educación Secundaria de la Región de Murcia. Asimismo, se ha utilizado la Escala de Actitudes del Profesorado hacia la Coeducación (Rebollo et al., 2011) para la obtención de información. Los resultados denotan una buena predisposición por parte del colectivo docente en cuanto a la implementación de la coeducación en sus aulas de referencia aunque se perciben diferencias según sexo. A tenor de lo expuesto se concluye esbozando algunas claves para el desarrollo de una educación inclusiva e igualitaria. |
| 653 0# - TERMINO DE INDIZACION - NO CONTROLADO | |
| Término no controlado | EDUCACION INCLUSIVA |
| 653 0# - TERMINO DE INDIZACION - NO CONTROLADO | |
| Término no controlado | COEDUCACION |
| 653 0# - TERMINO DE INDIZACION - NO CONTROLADO | |
| Término no controlado | IGUALDAD DE GENERO |
| 653 0# - TERMINO DE INDIZACION - NO CONTROLADO | |
| Término no controlado | ACTITUDES DOCENTES |
| 856 4# - LOCALIZACIÓN Y ACCESO ELECTRÓNICOS | |
| Identificador Uniforme del Recurso | <a href="http://dialnet.unirioja.es/ejemplar/383685">http://dialnet.unirioja.es/ejemplar/383685</a> |
| 905 ## - TIPO DE MATERIAL | |
| Tipo de material | Articulo |
No items available.
